000 00608nam a2200229Ia 4500
003 OSt
005 20220926045238.0
006 a|||||r|||| 00| 0
007 ta
008 220923b |||||||| |||| 00| 0 eng d
037 _cGeneral Book
040 _aRTL
_cRTL
_beng
041 _2eng
_aeng
082 _aX755.2.N74t4, L4/GD
110 _aR.B.I
_9240197
245 0 _aForeign Collaboration in Indian Industry. Second survey report
260 _c1974
300 _a185 p
_ccm.
700 _aR.B.I
_9240198
942 _hX755.2.N74t4, L4/GD
_cGB
_2CC
999 _c677102
_d677102